000 00934nam a2200253Ia 4500
003 OSt
005 20220923211040.0
006 a|||||r|||| 00| 0
007 ta
008 220922b |||||||| |||| 00| 0 hin d
020 _a8173155623 (hbk)
_c250
024 _a236,832
037 _b515, 09/01/2009, Eastern Book Linkers
_cTextual
040 _aARTS
_cARTS
_bhin
041 _2hin
_ahin
082 _aO152,3N2,1, P4
100 _aनायपॉल, वी. एस.; नैयर, रमेश, अनु.
_9157606
245 0 _aमाटी मेरे देश की
246 _aMāṭī mere desh kī
260 _aदिल्ली
_b प्रभात प्रकाशन
_c2004
300 _a234पृ.
_ccm.
942 _hO152,3N2,1, P4
_cTEXL
_2CC
999 _c294495
_d294495